Responsabilit ̌Sociale des Enterprises

Bibliographic Details
Main Author: Peeters, Anne
Format: Unknown
Language:French
Published: Bľgica : Edipro, 2007
Subjects:
Online Access:Acceso restringido

MARC

LEADER 00000ny a22000003n 4500
005 20110620140521.0
008 091211s2007 be 000 0 fre d
020 |a 9782930287812 
035 |a 2350 
040 |a BUS  |d vLex 
090 |c 884  |d 884 
100 1 |a Peeters, Anne  
245 1 0 |a Responsabilit ̌Sociale des Enterprises  |h [Recurso electrn̤ico]  |c Anne Peeters  
256 |a Servicio en ln̕ea 
260 |a Bľgica :  |b Edipro,  |c 2007 
300 |a p. ;  |c cm 
506 1 |a Contenido solo disponible en los productos indicados  |d vLex Global  |d vLex Global (Academic Edition, excluding Law Schools)  |d vLex Global (U.S. Academic Edition, Law Schools)  |d vLex Global (U.S. Academic Edition, excluding Law Schools)  |d vLex Global (Academic Edition, Law Schools) 
650 0 4 |a Empresas  |x Responsabilidad social 
740 0 |a vLex Libros (Servicios en ln̕ea) 
856 4 0 |u http://vlex.com/source/2350  |z Acceso restringido 
942 |c BOOK 
999 0 |a Corporations   |b Bľgica